[Event "Chicago Open u2300"]
[Site "Chicago"]
[Date "2009.05.23"]
[Round "3.21"]
[White "Langer, Michael"]
[Black "Wright, William"]
[Result "0-1"]
[WhiteElo "2292"]
[BlackElo "2226"]
[PlyCount "106"]
[EventDate "2009.05.??"]
[SourceDate "2009.05.23"]

1. e4 e6 2. d4 d5 3. Nd2 Nf6 4. e5 Nfd7 5. Bd3 c5 6. c3 Nc6 7. Ne2 Qb6 8. Nf3
cxd4 9. cxd4 f6 10. exf6 Nxf6 11. O-O Bd6 12. Bf4 Bxf4 13. Nxf4 O-O 14. Re1
Qxb2 15. Ng5 Nxd4 16. Nxh7 Nxh7 17. Bxh7+ Kxh7 18. Qh5+ Kg8 19. Ng6 Qxf2+ 20.
Kh1 Rf6 21. Qh8+ Kf7 22. Ne5+ Ke7 23. Qxg7+ Ke8 24. Rac1 Nc6 25. Ng4 Rf7 26.
Qg8+ Rf8 27. Rxe6+ Kd7 28. Qg7+ Rf7 29. Rd6+ Kxd6 30. Qg6+ Rf6 31. Nxf6 Be6 32.
Rd1 Nd4 33. Ne8+ Kd7 34. Nf6+ Kd6 35. Qg7 Qe2 36. Qg3+ Ke7 37. Re1 Qc4 38. Qg5
Kd6 39. Qf4+ Ke7 40. Ng4 Rf8 41. Qg5+ Kd6 42. Qe5+ Kc5 43. Ne3 Qc3 44. Rb1 Rf2
45. Qg5 Nc6 46. a4 a6 47. Qh6 Qf6 48. Qh7 Rb2 49. Rc1+ Kd6 50. Rd1 d4 51. Qd3
Qf2 52. Qa3+ Kc7 53. Rf1 dxe3 0-1

[Event "Chicago Open u2300"]
[Site "Chicago"]
[Date "2009.05.23"]
[Round "3.29"]
[White "Theil, Carey"]
[Black "Levi, Ariel"]
[Result "1-0"]
[WhiteElo "2242"]
[BlackElo "2194"]
[PlyCount "121"]
[EventDate "2009.05.??"]
[SourceDate "2009.05.23"]

1. e4 c5 2. c4 Nc6 3. Nc3 g6 4. g3 Bg7 5. Bg2 e6 6. Nge2 Nge7 7. d3 d6 8. O-O
O-O 9. f4 f5 10. Be3 Nd4 11. Rb1 Nec6 12. Bf2 Rb8 13. Nxd4 Nxd4 14. Ne2 Bd7 15.
Nxd4 cxd4 16. exf5 gxf5 17. Be1 Bc6 18. Bd2 Qd7 19. b4 e5 20. fxe5 dxe5 21. Bh3
Qc8 22. Qh5 Be8 23. Qh4 Bg6 24. Rbe1 Qd7 25. Rf2 Rbe8 26. Bh6 Bxh6 27. Qxh6 Qg7
28. Qxg7+ Kxg7 29. Bg2 e4 30. Rf4 b6 31. c5 bxc5 32. bxc5 Rf6 33. g4 fxg4 34.
Rxg4 h5 35. Rg5 Kh6 36. Rd5 exd3 37. Rxe8 Bxe8 38. Rxd4 Bg6 39. c6 Rf7 40. Rd7
Rf4 41. c7 Rc4 42. Bb7 Bf5 43. c8=Q Rxc8 44. Bxc8 Bxd7 45. Bxd7 Kg5 46. Kf2 Kf4
47. Be8 h4 48. Bg6 d2 49. Bh5 a5 50. Ke2 Kg5 51. Be8 Kf4 52. Bd7 Ke4 53. Kxd2
Kd4 54. h3 Kc4 55. Ke3 Kd5 56. Kf4 Kd6 57. Ba4 Ke6 58. Kg4 Kf7 59. Kxh4 Kg6 60.
Kg4 Kh6 61. Kf4 1-0

[Event "Chicago Open u2300"]
[Site "Chicago"]
[Date "2009.05.23"]
[Round "3.36"]
[White "Airapetian, Chouchanik"]
[Black "Cardona, Liulia"]
[Result "0-1"]
[WhiteElo "2135"]
[BlackElo "2206"]
[PlyCount "56"]
[EventDate "2009.05.??"]
[SourceDate "2009.05.23"]

1. e4 e5 2. Nf3 d6 3. d4 Bg4 4. dxe5 Nd7 5. exd6 Bxd6 6. Be2 Qe7 7. Nc3 Ngf6 8.
O-O O-O-O 9. Be3 Nc5 10. Nd2 h5 11. f3 Be6 12. b4 Bxh2+ 13. Kxh2 Ng4+ 14. fxg4
hxg4+ 15. Kg1 Qh4 16. Bf4 g3 17. Bxg3 Qxg3 18. Rf3 Qh2+ 19. Kf2 Qh4+ 20. g3
Qh2+ 21. Ke3 Qh6+ 22. Rf4 g5 23. Rf1 g4+ 24. Rf4 Qg7 25. Bxg4 Qxc3+ 26. Ke2
Bxg4+ 27. Rxg4 Rh2+ 28. Kf1 Rdxd2 0-1

[Event "Chicago Open u2300"]
[Site "Chicago"]
[Date "2009.05.23"]
[Round "3.40"]
[White "Rowley, Robert"]
[Black "Shetty, Atulya"]
[Result "1/2-1/2"]
[WhiteElo "2200"]
[BlackElo "2085"]
[PlyCount "51"]
[EventDate "2009.05.??"]
[SourceDate "2009.05.23"]

1. e4 c5 2. Nf3 d6 3. d4 cxd4 4. Nxd4 Nf6 5. Nc3 Nc6 6. Bg5 e6 7. Qd2 Be7 8.
O-O-O Nxd4 9. Qxd4 a6 10. e5 dxe5 11. Qxe5 Bd7 12. Ne4 Nxe4 13. Bxe7 Qxe7 14.
Qxe4 Bc6 15. Qe5 O-O 16. Bc4 b5 17. Rd6 Rfc8 18. Bd3 Qc7 19. Rd1 Bd5 20. Rd2
Qa5 21. Be4 Bxe4 22. Qxe4 Qxa2 23. c3 h6 24. Rd7 b4 25. Qxb4 Rab8 26. Rb7
1/2-1/2

[Event "Chicago Open u2300"]
[Site "Chicago"]
[Date "2009.05.23"]
[Round "3.53"]
[White "Hoover, Nathan"]
[Black "Zepeda, Sonia"]
[Result "1/2-1/2"]
[WhiteElo "2164"]
[BlackElo "2012"]
[PlyCount "35"]
[EventDate "2009.05.??"]
[SourceDate "2009.05.23"]

1. e4 c5 2. Nf3 Nc6 3. d4 cxd4 4. Nxd4 Nf6 5. Nc3 d6 6. Be2 e5 7. Nb3 Be7 8.
O-O Be6 9. f4 exf4 10. Bxf4 O-O 11. Qd2 Ne5 12. Nd4 Rc8 13. Rad1 a6 14. Kh1 Qc7
15. Bg5 Ned7 16. Nd5 Bxd5 17. exd5 Rfe8 18. Qf4 1/2-1/2

[Event "Chicago Open u2300"]
[Site "Chicago"]
[Date "2009.05.24"]
[Round "4.34"]
[White "Brock, William"]
[Black "Cardona, Liulia"]
[Result "0-1"]
[WhiteElo "2026"]
[BlackElo "2206"]
[PlyCount "98"]
[EventDate "2009.05.??"]
[SourceDate "2009.05.23"]

1. Nf3 f5 2. c4 Nf6 3. g3 g6 4. Bg2 Bg7 5. O-O O-O 6. Nc3 d6 7. d4 Qe8 8. d5 c6
9. Nd4 e5 10. dxe6 Bxe6 11. Nxe6 Qxe6 12. Bf4 Qxc4 13. Qxd6 Na6 14. Rfd1 Rfe8
15. Rac1 Qf7 16. Qd2 Nc5 17. Qc2 Ne6 18. Be5 Bh6 19. e3 Ng4 20. Bf4 Bxf4 21.
exf4 Rad8 22. h3 Nf6 23. Rxd8 Rxd8 24. Rd1 Rxd1+ 25. Nxd1 Nd4 26. Qd3 c5 27. a3
b5 28. Ne3 Qd7 29. Qd1 a6 30. Kf1 Kg7 31. g4 fxg4 32. hxg4 Qd6 33. f5 g5 34.
Qc1 h6 35. Qc3 h5 36. gxh5 Nxh5 37. f6+ Kxf6 38. Nd5+ Kg7 39. Qh3 Nf4 40. Qg4
Qg6 41. Nc3 Qd3+ 42. Kg1 Nde2+ 43. Kh2 Qh7+ 44. Bh3 Qxh3+ 45. Qxh3 Nxh3 46. Ne4
Nxf2 47. Nxc5 a5 48. a4 bxa4 49. Nxa4 Nd3 0-1

[Event "Chicago Open u2300"]
[Site "Chicago"]
[Date "2009.05.24"]
[Round "5.28"]
[White "Cardona, Liulia"]
[Black "Hilton, Jonathan"]
[Result "1/2-1/2"]
[WhiteElo "2206"]
[BlackElo "2270"]
[PlyCount "173"]
[EventDate "2009.05.??"]
[SourceDate "2009.05.23"]

1. e4 e5 2. Nf3 Nc6 3. Bb5 a6 4. Ba4 Nf6 5. d3 b5 6. Bb3 Be7 7. c3 d6 8. O-O
O-O 9. Nbd2 h6 10. Re1 Re8 11. Nf1 Na5 12. Bc2 c5 13. h3 Nc6 14. Ng3 Bf8 15.
Nh2 d5 16. Qf3 d4 17. c4 bxc4 18. Ba4 Nb4 19. dxc4 Bd7 20. Bxd7 Nxd7 21. Rd1
Nb6 22. b3 a5 23. Ng4 Nd7 24. Nf5 Re6 25. Qg3 Kh7 26. a3 Nc6 27. Rd3 h5 28. Nh2
g6 29. Qf3 Qe8 30. Qd1 Nf6 31. Ng3 h4 32. Ngf1 Nxe4 33. Qg4 f5 34. Qxh4+ Kg8
35. g4 Ra7 36. f4 Rh7 37. Qe1 exf4 38. gxf5 gxf5 39. Bxf4 Nc3 40. Qf2 Re2 41.
Rg3+ Rg7 42. Rxg7+ Bxg7 43. Qf3 Ne5 44. Bxe5 Qxe5 45. b4 cxb4 46. axb4 axb4 47.
Ra8+ Bf8 48. Ng4 Qe6 49. Re8 Qg6 50. Rxe2 Nxe2+ 51. Qxe2 fxg4 52. hxg4 b3 53.
Qf3 b2 54. Qd5+ Qf7 55. Qb5 d3 56. Qxb2 Qxc4 57. Qb7 Qd4+ 58. Kh1 Bc5 59. Qg2
Qh8+ 60. Qh2 Qf6 61. Qb8+ Kg7 62. Qb7+ Kh6 63. Qg2 Qh4+ 64. Qh2 Kg5 65. Qxh4+
Kxh4 66. Kg2 Kxg4 67. Nd2 Bb4 68. Nc4 Kf4 69. Nb2 d2 70. Kf2 Ke4 71. Ke2 Kd4
72. Kd1 Bc3 73. Nd3 Ba5 74. Nb2 Kc3 75. Na4+ Kd4 76. Nb2 Bb4 77. Nd3 Bc3 78.
Kc2 Ke3 79. Kd1 Bd4 80. Nf2 Bc3 81. Nd3 Ba5 82. Nb2 Kd4 83. Nd3 Bc3 84. Nb2 Kc5
85. Nd3+ Kc4 86. Nf2 Kd4 87. Nd3 1/2-1/2